Super héro / Alter-égo (MARVEL) - Statistiques

Statistiques générales
  • Ce quiz a été pris 292 fois
  • Le résultat moyen est 21 sur 35
Statistiques - réponses
Super-héro Alter Ego % Correct
Steve Rogers Captain America
97%
Natasha Romanoff Black Widow
96%
Bruce Banner Hulk
92%
Peter Parker Spiderman
91%
T'challa Black Panther
86%
Scott Lang Ant Man
85%
Wanda Maximoff La Sorcière Rouge
84%
Charles Francis Xavier Professeur X
81%
Peter Quill Star Lord
81%
Clint Barton Hawkeye
77%
Steven Strange Docteur Strange
75%
Anthony Stark Iron Man
74%
James "Logan" Hoilett Wolverine
73%
James Buchanan "Bucky" Barnes Le Soldat de l'Hiver
72%
Hope Pym La Guêpe
68%
Wade Wilson Deadpool
63%
Carole Danvers Captain Marvel
62%
Sam Wilson Faucon
62%
Jonathan "Johnny" Storm La Torche Humaine
60%
Kamala Khan Miss Marvel
60%
Matthew Murdock Daredevil
58%
James Rhodes War Machine
55%
Susan Storm La Femme Invisible
54%
Frank Castle Le Punisher
54%
Reed Richards Monsieur Fantastique
47%
Hank McCoy Le Fauve
41%
Scott Summers Cyclope
39%
Marc Spector Moon Knight
39%
Jennifer Walters Miss Hulk
38%
Benjamin Grimm La Chose
37%
Remy LeBeau Gambit
34%
Ororo Munroe Tornade
30%
Danny Rand Iron Fist
29%
Jubilation Lee Jubilé
26%
Mercedes Knight Misty Knight
11%
Aucun quiz correspondant
Distribution des résultats
% des personnes avec chaque résultat
Percentile par nombre de réponses
Votre historique - résultats
Vous n’avez pas pris ce quiz